00520cam a22001812 4500001001100000005001700011008004100028020001500069040001500084245007700099250001300176260003100189300001600220650002800236650003700264700003400301852000300335000002033020151217161200.0110912s xx 000 0 eng d a0199567065 aKABUcKABU10aOxford dictionary of quotations by subject /cedited by Susan Ratcliffe. a2nd ed. aOxford :bO. U. P.,c2010. axi, 574 p. 0aQuotations.@0000054200 0aQoutationsxEnglish.@00001805021 aRatcliffe, Susan.@00001805541